00483 2200193 4500245005500000020001800055250001100073100001900084700001000103700002000113650001700133005001900150260004100169041001400210084001300224300003200237336000900269338001100278 aThe Mysterious Jugoro Vol. 1cEiji, KawakubohText a979-20-8206-9 aCet. 1 aEiji, Kawakubo aVonny aAwaluddin Ihsan aKomik Jepang a20230202080212 aJakartabElex Media Komputindoc2006 aIndonesia a741.5592 a... jil. :bilus. ;c17 cm. atext avolume